000 00817nas a2200277 4500
001 BR9604269
003 BR-BrBNA
005 20231205095800.0
007 ta
008 230509b bl.|||p| |||| 00| 00por d
040 _aBR-BrBNA
_bpor
_cBiblioteca Nacional de Agricultura
041 _a(Pt)
072 _aJ10
100 1 _aAraujo, E.F.
100 1 _aSilva, R.F. da
100 1 _aAraujo, R.F.
245 1 _aAvaliacao da qualidade de sementes de acai armazenadas em diferentes embalagens e ambientes
650 _aAcai
650 _aSemente
650 _aArmazenamento
650 _aEmbalagem
650 _aTeor de Umidade
773 0 _tRevista Brasileira de Sementes (Brazil)
_xISSN 0101-3122
_g(1994), v. 16(1) p. 76-79
_wBR9604269
909 _a202311
_bLúcia
_c55
_dLúcia Elande
942 _2AGRIS
_n0
_cANA
999 _c152683
_d152683